Coupe du Monde 2006 - Un Joueur par équipe - Statistiques

Statistiques générales
  • Ce quiz a été pris 390 fois
  • Le résultat moyen est 21 sur 32
Statistiques - réponses
Hint Réponse % Correct
Bastian Schweinsteiger Allemagne
92%
Cafu Brésil
92%
Franck Ribéry France
92%
Zlatan Ibrahimović Suède
92%
Rafael van der Vaart Pays-Bas
91%
Andriy Shevchenko Ukraine
91%
Park Ji-sung Corée du Sud
89%
Francesco Totti Italie
89%
Michael Owen Angleterre
88%
Carlos Tevez Argentine
86%
Shunsuke Nakamura Japon
86%
Pavel Nedvěd République Tchèque
86%
Pauleta Portugal
85%
Antonio Valencia Equateur
80%
Michael Essien Ghana
79%
Landon Donovan Etats-Unis
78%
Mohamed Al-Deayea Arabie Saoudite
75%
Alexander Frei Suisse
69%
Emmanuel Adebayor Togo
68%
Ali Boumnijel Tunisie
55%
Danijel Ljuboja Serbie-et-Monténégro
54%
Dado Pršo Croatie
51%
Yahya Golmohammadi Iran
50%
Míchel Salgado Espagne
49%
Gilles Yapi Yapo Côte d'Ivoire
48%
Jacek Bąk Pologne
44%
Akwá Angola
43%
Dwight Yorke Trinité-et-Tobago
37%
Carlos Gamarra Paraguay
31%
Mark Viduka Australie
30%
Luis Marín Costa Rica
27%
Pável Pardo Mexique
20%
Aucun quiz correspondant
Distribution des résultats
% des personnes avec chaque résultat
Percentile par nombre de réponses
Votre historique - résultats
Vous n’avez pas pris ce quiz